| 000 | 00000nam 2200000zi 4500 |
| 001 | 9.867733 |
| 003 | CaOODSP |
| 005 | 20221107162406 |
| 006 | m o d f |
| 007 | cr ||||||||||| |
| 008 | 190129s1958 onc ot f|0| 0 eng d |
| 040 | |aCaOODSP|beng|erda|cCaOODSP |
| 043 | |an-cn--- |
| 086 | 1 |aM38-1/31-1958E-PDF |
| 100 | 1 |aLewis, D. C., |eauthor. |
| 245 | 10|aStudies on the separation of the rare earths from thorium in sulphate solutions, using cation exchange resins / |cby D. C. Lewis and J. C. Ingles. |
| 264 | 1|aOttawa, Ontario : |bDepartment of Mines and Technical Surveys, |c1958. |
| 300 | |a1 online resource (iii, 40 pages) |
| 336 | |atext|btxt|2rdacontent |
| 337 | |acomputer|bc|2rdamedia |
| 338 | |aonline resource|bcr|2rdacarrier |
| 490 | 1 |aMines Branch Research Report ; |vR 31 |
| 500 | |a"October 6, 1958." |
| 500 | |aTitle from cover. |
| 504 | |aIncludes bibliographic references. |
| 520 | |a"An ion exchange method for the separation of the rare earth elements from thorium has been investigated. The method is based on the difference in the extent of complexing of the metal ions by sulphate ions in aqueous solution"--Abstract, p. i. |
| 692 | 07|2gccst|aChemicals |
| 700 | 1 |aIngles, J. C., |eauthor. |
| 710 | 1 |aCanada. |bDepartment of Mines and Technical Surveys. |
| 710 | 1 |aCanada. |bMines Branch. |
| 830 | #0|aResearch report (Canada. Mines Branch)|vR 31. |w(CaOODSP)9.855660 |
| 856 | 40|qPDF|s3.11 MB|uhttps://publications.gc.ca/collections/collection_2019/rncan-nrcan/m38-1/M38-1-31-1958-eng.pdf |